000 005490000a22001810004500
003 MACL
005 20160224134744.0
008 160224b xxu||||| |||| 00| 0 eng d
040 _aMACL
_cMACL
041 _aHindi
082 _a800
100 _aगांधी साहित्‍य
_939897
245 _aआत्‍म संयम
260 _bसस्‍ता साहित्‍य मंडल प्रकाशन
_c1954
_aनई दिल्‍ली
350 _a3
650 _aLiteracture
_939932
942 _cHIN
_k800
_2ddc
999 _c24481
_d24481